| 000 | 00618nam a2200217Ii 4500 | ||
|---|---|---|---|
| 003 | JO-AjNU | ||
| 008 | 230605s9999||||xx |||||||||||||| ||und|| | ||
| 017 | _a1985/9/368 | ||
| 040 |
_aJO-AjNU _bara _erda _cJO-AjNU |
||
| 041 | _aara | ||
| 050 | 1 | 4 | _aAC106.N37 1985 |
| 100 | 3 |
_aالناصر، هدى ابو غنيم, _eauthor _949224 |
|
| 245 | 0 | 0 | _aمعاناة عربي |
| 250 | _aط1 | ||
| 264 | 3 | 1 | _aعمان: المؤلف، 1985 |
| 300 | _a87ص | ||
| 336 |
_atext _btxt _2rdacontent |
||
| 337 |
_aunmediated _bn _2rdamedia |
||
| 338 |
_avolume _bnc _2rdacarrier |
||
| 650 | 4 |
_aالعرب - معاناة _949225 |
|
| 999 |
_aA21607 _c25175 _d25175 |
||